000 nam a22 7a 4500
999 _c8491
_d8491
008 180117b ||||| |||| 00| 0 eng d
100 _aNCERT
_94884
245 _aHoney Dew List
260 _aNew Delhi
_bNCERT
_c2008